Loading...
Indian art collection: Indian paintings under the Mughals- vol.5
| Main Author: | |
|---|---|
| Format: | Printed Book |
| Published: |
New Delhi
Cosmo Publication
1998
|
| Edition: | 1st ed. |
| Subjects: |
| LEADER | 00486cam a2200145ua 4500 | ||
|---|---|---|---|
| 082 | |a 700.954 |b WAL/I.5 | ||
| 100 | 0 | |a Waley, Arthur | |
| 245 | 1 | 0 | |a Indian art collection: Indian paintings under the Mughals- vol.5 |
| 250 | |a 1st ed. | ||
| 260 | |a New Delhi |b Cosmo Publication |c 1998 | ||
| 300 | |a xi, 60 Plates. | ||
| 650 | 0 | |a Indian paintings | |
| 942 | |c REF | ||
| 999 | |c 8796 |d 8796 | ||
| 952 | |0 0 |1 0 |4 0 |6 700_954000000000000_WALI_5 |7 0 |9 9174 |a KUCL |b KUCL |d 2014-05-23 |l 0 |o 700.954 WAL/I.5 |p 02117 |r 2017-03-09 |y REF | ||